Biomateriales odontológicos de uso clínico (Registro nro. 3123)
[ vista simple ]
| 000 -CABECERA | |
|---|---|
| campo de control de longitud fija | 00878aam a2200289 4500 |
| 005 - FECHA Y HORA DE ACTUALIZACIÓN | |
| campo de control | 20220128135914.0 |
| 008 - LONGITUD FIJA | |
| campo de control de longitud fija | 150626b xxu||||| |||| 00| 0 spa d |
| 041 ## - IDIOMA | |
| Código de idioma del texto/pista de sonido o título separado | |
| 082 ## - CLASIFICACIÓN DECIMAL DEWEY | |
| Número de clasificación | 617.695 G993b |
| 100 ## - AUTOR PERSONAL | |
| Nombre de persona | Guzmán Baez, Humberto José |
| 245 ## - TÍTULO PROPIAMENTE DICHO | |
| Título | Biomateriales odontológicos de uso clínico |
| 250 ## - EDICIÓN | |
| Mención de edición | 4 edición |
| 260 ## - PIE DE IMPRENTA | |
| Lugar de publicación, distribución, etc. | Colombia |
| Nombre del editor, distribuidor, etc. | Ecoe Ediciones |
| Fecha de publicación, distribución, etc. | 2007 |
| 300 ## - DESCRIPCIÓN FÍSICA | |
| Extensión | 500 páginas |
| 650 ## - Materia General | |
| Materia general | MATERIALES DENTALES |
| 650 ## - Materia General | |
| Materia general | BIOMATERIALES DENTALES |
| 650 ## - Materia General | |
| Materia general | BIOMATERIALES ODONTOLÓGICOS |
| 650 ## - Materia General | |
| Materia general | SELLANTES |
| 650 ## - Materia General | |
| Materia general | RESINAS |
| 650 ## - Materia General | |
| Materia general | CERÁMICAS DENTALES |
| 650 ## - Materia General | |
| Materia general | POLÍMEROS |
| 650 ## - Materia General | |
| Materia general | METALOGRAFÍA |
| 650 ## - Materia General | |
| Materia general | ALEACIONES DE ORO |
| 650 ## - Materia General | |
| Materia general | ALEACIONES DE PLATA |
| 650 ## - Materia General | |
| Materia general | INSTRUMENTOS ODONTOLÓGICOS |
| 942 ## - Punto de Acceso Adicional Koha | |
| Tipo de ítem Koha | Libro |
| Estado perdido | Estado dañado | No para préstamo | Biblioteca permanente | Biblioteca actual | Signatura completa | Código de barras | Tipo de ítem |
|---|---|---|---|---|---|---|---|
| Departamento de Biblioteca y Documentación Alfonso Chase Brenes | Departamento de Biblioteca y Documentación Alfonso Chase Brenes | 617.695 G993b | 17903 | Libro |